| 000 | 00609nam a2200205Ia 4500 | ||
|---|---|---|---|
| 999 |
_c65646 _d65646 |
||
| 005 | 20240530110836.0 | ||
| 008 | 140319s9999 xx 000 0 ara d | ||
| 017 | _bمصر. دار الكتب | ||
| 020 | _a91/1039 | ||
| 040 |
_aGCL / _cGCL |
||
| 082 | 0 | 4 |
_a301.24 _bم ش _221 |
| 100 | 0 | _aمحمد على محمد | |
| 245 | 1 | 0 |
_aالشباب العربى والتغير الاجتماعى/ _cمحمد على محمد |
| 250 | _aط. 2 | ||
| 260 |
_aبيروت : _bدار النهضة العربية، _c1985 |
||
| 300 |
_a208 ص. ؛ _c24 سم. |
||
| 650 | _2qrmak | ||
| 651 | _2qrmak | ||
| 942 |
_2ddc _cBK |
||